エビ揉めの歌詞 - Statistics

General Stats
  • This quiz has been taken 1,092 times
  • The average score is 14 of 17
Answer Stats
Question Answer % Correct
Every moment! エビ揉め
97%
の気分だ エビを揉め
90%
出逢ってくれて エビ揉んでくれて
89%
ありがとう 原曲のまま
89%
時を エビを
88%
生きるって 揉めるって
87%
奇跡だもん 原曲のまま
87%
大切な 原曲のまま
86%
最高 エビ揉め
84%
仲間達と 原曲のまま
83%
同じ 原曲のまま
83%
こんなに 原曲のまま
81%
だって 揉め
79%
Happy! 原曲のまま
78%
それだけで 原曲のまま
76%
でFunny でHappy
72%
でLucky でHappy
72%
No matching quizzes found
Score Distribution
Percent of People with Each Score
Percentile by Number Answered
Your Score History
You have not taken this quiz